[Event "Canarias-ch U18"]
[Site "Brena Baja"]
[Date "2022.06.04"]
[Round "6"]
[White "Mamani Beltran, Daniel"]
[Black "Hernandez Garcia, Joaquin"]
[Result "1-0"]
[WhiteElo "1995"]
[BlackElo "1276"]
[PlyCount "79"]
[EventDate "2022.06.01"]
[EventType "swiss"]
[EventRounds "6"]
[EventCountry "ESP"]
[SourceTitle "CBM 208 Extra"]
[Source "ChessBase"]
[SourceDate "2022.07.31"]
[SourceVersion "1"]
[SourceVersionDate "2022.07.31"]
[SourceQuality "1"]

1. d4 Nf6 2. c4 e6 3. Nc3 d5 4. Bg5 c6 5. e3 Nbd7 6. Qc2 Be7 7. cxd5 exd5 8. Bd3 Nh5 9. Bxe7 Qxe7 10. Nge2 g6 11. h3 Ng7 12. 0-0 Nf6 13. Ng3 h5 14. Rfe1 0-0 15. e4 dxe4 16. Ngxe4 Bf5 17. Nc5 Bxd3 18. Qxd3 Qc7 19. Qf3 Nh7 20. d5 cxd5 21. b4 Kh8 22. Nxd5 Qc6 23. Re5 Nf5 24. Rxf5 gxf5 25. Qc3+ f6 26. Ne7 Qe8 27. Re1 Qf7 28. Nxb7 Ng5 29. Nd6 Qh7 30. Ndxf5 Rae8 31. h4 Ne4 32. Rxe4 Rxe7 33. Rxe7 Qxf5 34. Qe3 Qg6 35. Rxa7 Re8 36. Re7 Rg8 37. g3 Rd8 38. Qe4 Qg8 39. Qf5 Rd1+ 40. Kh2 1-0